| 000 | 00476nam a22001457a 4500 | ||
|---|---|---|---|
| 082 | _aP-746 | ||
| 100 |
_aSyed Muhammad Raza _951224 |
||
| 245 |
_aEffects of Feeder Routes of Metro Bus Islamabad and Analysis of Traffic Using Simulation (Vissim) _cSyed Muhammad Raza |
||
| 260 |
_aRisalpur, _bMCE, _c2017. |
||
| 300 |
_a95p. _bill. |
||
| 526 |
_a0 _b0 _c0 _dP_746 |
||
| 650 |
_aGeo-tech _bSyn#20 ,2017 _951225 |
||
| 700 |
_aLt Col Muhammad Bilal Khurshid _951226 |
||
| 942 |
_2ddc _cBK |
||
| 999 |
_c553968 _d553968 |
||